000 00749nam a2200229Ia 4500
003 GCL
008 140319s9999 xx 000 0 ara d
040 _aGCL /
_cGCL
082 0 4 _aق
_b916.2
_bم ن
100 1 _aسعد شعبان
245 1 0 _aالنيل /
_cسعد شعبان
700 1 _aمحمد جمال الدين الفندى
260 _aالقاهرة :
_bالهيئة المصرية العامة للكتاب ،
_c1993
300 _a66 ص ؛
_c19 سم
490 _aسلسلة العلم والحياة
_v32
650 0 4 _aنهر النيل
650 0 4 _aالمصريون القدماء
650 0 4 _aمنابع النيل
650 0 4 _aالسد العالى
650 0 4 _aفيضان النيل فى مصر
942 _2ddc
_cBK
999 _c52513
_d52513